LEADER 01297nam a2200265 a 4500 001 000000142175 003 CaOOAMICUS 005 20150310093341.0 008 150310s1994 it u000 u ita r 040 $aPUL$bita 100 1 $aChiodi, Silvia Maria.$0(OLS)http://pul/name/46710 245 13$aLe concezioni dell'oltretomba presso i Sumeri /$cSilvia Maria Chiodi. 260 $aRoma :$bAccademia nazionale dei Lincei,$c1994. 300 $aP. 322-510 ;$c24 cm 490 1 $aMemorie / Classe di scienze morali, storiche e filologiche ;$vser. 09, v. 04, f. 05 490 1 $aAtti della Accademia nazionale dei Lincei 650 4$aSumeri$xReligione.$0(OLS)http://pul/subject/18110 830 0$aMemorie (Accademia nazionale dei Lincei. Classe di scienze morali, storiche e filologiche).$nSerie 9 ;$vv 04, fasc. 05.$0(OLS)http://pul/title/27205 830 0$aAtti della Accademia nazionale dei Lincei.$0(OLS)http://pul/title/192 850 $aPUL 852 $aPUL$W1$xDP1 Fondo Capitani$y116$m10 C 56$j164095$qFondi$B164185$CPULBib$Z2$F164185 $HCap2457 $82 941 1 $a1 996 $6245$aLe concezioni dell'oltretomba presso i Sumeri$9(OLS)http://pul/title/179967 996 $6260$aRoma :$bAccademia nazionale dei Lincei$9(OLS)http://pul/publisher/49192 LEADER 01979nam a2200385 u 4500 001 000000014226 003 CaOOAMICUS 005 20070226105735.0 008 940517s1985 sp u000 u spa u 020 $a84-220-1185-9 035 $a10337903 040 $aPUL$bita 041 1 $aspa$alat 100 0 $aAugustinus,$cs., vesc. d'Ippona,$d354-430.$0(OLS)http://pul/name/1290 240 10$aSermones$9(Augustinus, s., vesc. d'Ippona, 354-430).$lSpagnolo e latino$kGruppi, scelte.$0(OLS)http://pul/title/20486 245 10$aSermones.$n(6) 329-396.$pSermones sobre diversos temas /$ctraducción notas e índices de Pío de Luis. 260 $aMadrid :$bBiblioteca de autores cristianos,$c1985. 300 $axiii, 919 p. ;$c20 cm 490 1 $aBiblioteca de autores cristianos ;$v461 490 1 $aObras completas de San Agustín ;$v26 505 0 $aSermones sobre diversos temas ; índices bíblico, litúrgico y temático del sermonario agustiniano. 600 00$aAugustinus,$cs., vesc. d'Ippona,$d354-430.$tSemones$9(Augustinus, s., vesc. d'Ippona, 354-430).$1Gruppi, scelte.$2//eng$0(OLS)http://pul/subject/10025 700 1 $aLuis, Pío de.$0(OLS)http://pul/name/10125 830 0$aBiblioteca de autores cristianos ;$v461.$0(OLS)http://pul/title/1365 830 0$aObras completas de San Agustín ;$v26.$0(OLS)http://pul/title/15032 850 $aPUL 852 $aPUL$W1$xSL Cons. Gen., Altre Classi 1$y1$m2000 A 26$j20003$nBK-PRI$b $qStampati$B20003$CPULBib$Z2$F20003 $H $81 900 $aAgostino,$cs., vesc. d'Ippona,$d354-430$91290 900 $aAgostino, Aurelio,$cs., vesc. d'Ippona$d354-430$91290 941 1 $a8 961 $aINV: 77578 983 0$aBAC. 996 $6020$a84-220-1185-9$9(OLS)http://pul/number/18111 996 $6245$aSermones.$n(6) 329-396.$pSermones sobre diversos temas$9(OLS)http://pul/title/20483 996 $6260$aMadrid :$bBiblioteca de autores cristianos$9(OLS)http://pul/publisher/51328